Normal view
MARC view
Entry Personal Name
001 - CONTROL NUMBER
- control field: 16810
003 - CONTROL NUMBER IDENTIFIER
- control field: OSt
005 - DATE AND TIME OF LATEST TRANSACTION
- control field: 20231025092230.0
008 - FIXED-LENGTH DATA ELEMENTS
- fixed length control field: 231025|| aca||aabn | a|a d
040 ## - CATALOGING SOURCE
- Original cataloging agency: OSt
- Transcribing agency: OSt
100 ## - HEADING--PERSONAL NAME
- Personal name: Duggan, Sandra,
- Dates associated with a name: 1949-
670 ## - SOURCE DATA FOUND
- Source citation: Work cat.: (OSt)8232: Gott, Richard, 1946- 16808, Understanding and using scientific evidence :, 2003.
